Diputació de Barcelona : la administración local cooperadora la administración local cooperadora

Publicado: Barcelona : Diputació , 1997
Descripción Física: 19 p. : il. col. ; 18 x 25 cm

MARC

LEADER 00000nam a2200000Ia 4500
001 17150
008 160829s1997 xx 000 0 cat d
080 |a FU-31-68 
110 1 |a Barcelona (Catalunya : Província).  |b Diputació  |9 52408 
245 |a Diputació de Barcelona :  |b  la administración local cooperadora 
250 |a 2a ed. 
260 |a Barcelona :  |b Diputació,  |c 1997 
300 |a 19 p. :  |b  il. col. ;  |c 18 x 25 cm 
590 |a Text en castellà 
610 1 0 |a Barcelona (Catalunya : Província).  |b Diputació  |9 52408 
901 |a Arxiu 
942 |n 1 
952 |0 0  |1 0  |4 0  |6 FU3168  |7 1  |9 48688  |a Arxiu  |b Arxiu  |d 2016-12-01  |l 0  |o FU-31-68  |p 17150  |r 2016-12-01 00:00:00  |w 2016-12-01  |y ARXIU 
999 |c 52518  |d 52518